Statistics for NHL Stanley Cup Champion Starting Goalies

Click here to take the quiz!

General Stats

  • This quiz has been taken 379 times
  • The average score is 34 of 54

Answer Stats

YearTeamPlayer% Correct
2021LightningAndrei Vasilevskiy
91%
2020LightningAndrei Vasilevskiy
91%
2009PenguinsMarc-André Fleury
91%
2012KingsJonathan Quick
89%
2014KingsJonathan Quick
89%
2003DevilsMartin Brodeur
89%
1995DevilsMartin Brodeur
89%
2000DevilsMartin Brodeur
89%
1986CanadiensPatrick Roy
89%
1996AvalanchePatrick Roy
89%
1993CanadiensPatrick Roy
89%
2001AvalanchePatrick Roy
89%
2018CapitalsBraden Holtby
83%
2011BruinsTim Thomas
82%
2016PenguinsMatt Murray
81%
2017PenguinsMatt Murray
81%
2019BluesJordan Binnington
80%
2013BlackhawksCorey Crawford
78%
2015BlackhawksCorey Crawford
78%
2002Red WingsDominik Hašek
78%
2022AvalancheDarcy Kuemper
70%
1985OilersGrant Fuhr
68%
1988OilersGrant Fuhr
68%
1987OilersGrant Fuhr
68%
1984OilersGrant Fuhr / Andy Moog
68%
1998Red WingsChris Osgood
65%
2008Red WingsChris Osgood
65%
2006HurricanesCam Ward
63%
1980IslandersBilly Smith
59%
1982IslandersBilly Smith
59%
1983IslandersBilly Smith
59%
1981IslandersBilly Smith
59%
2007DucksJean-Sébastien Giguère
59%
1999StarsEd Belfour
55%
1979CanadiensKen Dryden
53%
1977CanadiensKen Dryden
53%
1976CanadiensKen Dryden
53%
1971CanadiensKen Dryden
53%
1973CanadiensKen Dryden
53%
1978CanadiensKen Dryden
53%
2010BlackhawksAntti Niemi
51%
1994RangersMike Richter
49%
1997Red WingsMike Vernon
45%
1989FlamesMike Vernon
45%
1991PenguinsTom Barrasso
45%
1992PenguinsTom Barrasso
45%
2004LightningNikolai Khabibulin
40%
1975FlyersBernie Parent
37%
1974FlyersBernie Parent
37%
1970BruinsGerry Cheevers
30%
1972BruinsGerry Cheevers / Eddie Johnston
30%
1990OilersBill Ranford
27%
1969CanadiensRogie Vachon
18%
1968CanadiensGump Worsley
17%

Score Distribution

Percentile by Number Answered

Percent of People with Each Score

Your Score History

You have not taken this quiz